Análisis de las políticas para el manejo de los activos corrientes de las cooperativas de servicios múltiples en el municipio de Cotuí, año 2011 / Altagracia Anjeris Marte Ramírez, Teresa Rosario Moya y Sorelis Santana Tavares.; asesorJorge Custodio Heredia (Registro nro. 11270)

Detalles MARC
000 -LEADER
fixed length control field 01150nam a22002411a 4500
001 - CONTROL NUMBER
control field 11270
003 - CONTROL NUMBER IDENTIFIER
control field OSt
005 - DATE AND TIME OF LATEST TRANSACTION
control field 20260204212236.0
008 - FIXED-LENGTH DATA ELEMENTS--GENERAL INFORMATION
fixed length control field 120131s2011||||dr ||||||b||||||||||spa||
090 ## - LOCALLY ASSIGNED LC-TYPE CALL NUMBER (OCLC); LOCAL CALL NUMBER (RLIN)
Classification number (OCLC) (R) ; Classification number, CALL (RLIN) (NR) CON 2011 M17
100 1# - ASIENTO PRINCIPAL -- NOMBRE PERSONAL
Personal name Marte Ramírez, Altagracia Anjeris
Relator term sustentante
245 10 - TÍTULO PROPIAMENTE DICHO: SUBTÍTULO
Title Análisis de las políticas para el manejo de los activos corrientes de las cooperativas de servicios múltiples en el municipio de Cotuí, año 2011 / Altagracia Anjeris Marte Ramírez, Teresa Rosario Moya y Sorelis Santana Tavares.; asesorJorge Custodio Heredia
260 ## - PUBLICATION, DISTRIBUTION, ETC.
Place of publication, distribution, etc. Cotuí, República Dominicana :
Name of publisher, distributor, etc. UTECO,
Date of publication, distribution, etc. 2011
300 ## - PHYSICAL DESCRIPTION
Extensión 50 hojas :
Other physical details Ilustraciones ;
Dimensions 28cm.
502 ## - THESIS NOTE
Dissertation note Trabajo de grado (Licenciatura en Contabilidad)--Universidad Tecnológica del Cibao Oriental, 2011
504 ## - BIBLIOGRAPHY, ETC. NOTE
Bibliography, etc. note Incluye referencia bibliográfica e índice
650 #4 - ASIENTO SECUNDARIO DE MATERIA -- TERMINO TOPICO
Asiento secundario de materia Activos corrientes
700 1# - ASIENTO SECUNDARIO -- NOMBRE PERSONAL
Personal name Rosario Moya, Teresa
Relator term sustentante
700 1# - ASIENTO SECUNDARIO -- NOMBRE PERSONAL
Personal name Santana Tavarez, Sorelis
Relator term sustentante
700 1# - ASIENTO SECUNDARIO -- NOMBRE PERSONAL
Personal name Custodio Heredia, Jorge
Relator term asesor
830 ## - ASIENTO SECUNDARIO DE SERIE - TÍTULO UNIFORME
Uniform title Tesis y disertaciones académicas (Universidad Tecnológica del Cibao Oriental)
942 ## - ADDED ENTRY ELEMENTS (KOHA)
Source of classification or shelving scheme Clasificación Local
Koha item type Tesis
Existencias
Withdrawn status Lost status Source of classification or shelving scheme Damaged status Not for loan Collection code Home library Current library Shelving location Date acquired Inventory number Total Checkouts Full call number Barcode Date last seen Copy number Price effective from Koha item type
    Clasificación Local   Préstamo Interno Trabajos de Grado e Investigación   Biblioteca UTECO En Estantería 09/09/2019 CT-2011-013   CON 2011 M17 CT-2011-013 09/09/2019 Ej.1 09/09/2019 Tesis
© 2021 Derechos Reservados UTECO - Teléfono: +1 809-585-2291 - Correo electrónico: biblioteca@uteco.edu.do​  
Código postal 43000 ​​
Dirección: Avenida Universitaria No. 100, 
Cotuí, Provincia Sánchez Ramírez, República Dominicana - RNC: 404-00059-6